00577 2200217 4500001002100000005001500021035002000036007000300056008004100059020001500100082001100115084001700126100001900143245007400162250001100236260004000247300003700287650001700324990000900341990000900350INLIS00000000001140620220518092745 a0010-0522000122ta220518 g 0 ind  a9793357061 a636.59 a636.59 BUD m0 aBUDIMAN, arief1 aMemanggil & Mengasuh Walet Dengan Sriti Kembang /cDrs. Arief Budiman aCet. 1 aJAKARTA :bAgroMedia Pustaka,c2003 aviii, 72 hlm :b.ilus ;c23,5 cm 4aWalet Burung a895a a895b